La cultura del dolor
保存先:
| 第一著者: | |
|---|---|
| フォーマット: | 図書 |
| 言語: | スペイン語 |
| 出版事項: |
Buenos Aires
Andrés Bello
1994
|
| 版: | 2a. ed |
| 主題: | |
| タグ: |
タグ追加
タグなし, このレコードへの初めてのタグを付けませんか!
|
MARC
| LEADER | 00000nam a2200000 a 4500 | ||
|---|---|---|---|
| 001 | UCO5224 | ||
| 003 | CL-VaPUC | ||
| 008 | 000825e19940000AG |||||||||||||||||spa|d | ||
| 082 | 0 | 4 | |a 306.461 |b MOR |2 21 |
| 100 | |a Morris, David B. |e autor |9 450008 | ||
| 245 | 1 | 3 | |a La cultura del dolor |
| 250 | |a 2a. ed | ||
| 300 | |a 392 p | ||
| 942 | |c BK | ||
| 945 | |d 20000825 00:00:00 |a vberengu | ||
| 260 | |a Buenos Aires |b Andrés Bello |c 1994 | ||
| 650 | 0 | |a Aspectos psicológicos |9 258128 | |
| 650 | 0 | |a Aspectos sociales |9 254894 | |
| 650 | 7 | |a DAÑO CORPORAL |2 CL-VaPUC |9 430897 | |
| 650 | 0 | |a Dolor |9 313052 | |
| 583 | |a last modification |c 20000825 00:00:00 |k Rodrigo Vera | ||
| 999 | |c 291168 |d 291166 | ||
| 952 | |0 0 |1 0 |4 0 |6 306_461000000000000_MOR_1994 |7 0 |8 A |9 340920 |a BIBARQ |b BIBARQ |d 2019-11-20 |i 3644987 |o 306.461 MOR 1994 |p 3644987 |r 2025-01-20 |w 2019-11-20 |y BK |k ARQ | ||